Missing Word: Jazz Songs 'E' Quiz Stats

 Plays Quiz Updated Dec 11, 2018

Support Sporcle.
Go Orange.
Score 0/12 Timer 03:00
0 Plays Today
Song Missing Word % Correct
To _____ His OwnEach
95.9%
I'm Putting All My _____ in One BasketEggs
95.8%
_____ Day I Have the BluesEvery
93.9%
(You'd Be So) _____ to LoveEasy
85.6%
The Night Has a Thousand _____Eyes
78.3%
The _____ of a Love AffairEnd
76.6%
Nobody _____ But MeElse
75.3%
_____ Happens to MeEverything
71.4%
_____ AutumnEarly
58.4%
_____ St. Louis Toodle-OoEast
56.3%
Close _____ for LoveEnough
55.6%
_____ YouEmbraceable
27%

Today's Daily Dose

From the Vault

Talking Robots

by druhutch

Movies 7m
We always suspected our Transformer toys were alive, there's really no way to prove otherwise.
Remove Ads.
Support Sporcle.
Get the best of Sporcle when you Go Orange. This ad-free experience offers more features, more stats, and more fun while also helping to support Sporcle. Thank you for becoming a member.

Show Comments

Extras

Top Quizzes Today


Score Distribution

Your Account Isn't Verified!

In order to create a playlist on Sporcle, you need to verify the email address you used during registration. Go to your Sporcle Settings to finish the process.

Report this User

Report this user for behavior that violates our Community Guidelines.

Details: